Responses for Show #5925 - Friday, May 21, 2010

2010 Tournament of Champions final game 2.

Contestants

[<< previous game]

Stefan Goodreau, a video game tester from Los Angeles, California (subtotal of $5,800)

Vijay Balse, a chemical engineer from Chatham, New Jersey (subtotal of $9,200)

Jason Zollinger, an engine assembler from South Dayton, New York (subtotal of $0)

[next game >>]

Jeopardy! Round responses

YEATS IS GREATS
SONG LYRICS
FASHIONABLE WORDS
CELEBRATIONS OF THE MONTH
(Alex: You have to name the month.)
MISSING PERSONS
CAUSED BY...
    $200 6
(Stefan: What are returnéd?)

earnéd

VijayStefan
    $200 1
a bustle

Jason
    $200 26
(Alex: It's [*]. Talk to your wives or girlfriends.)

a mule

Triple Stumper
    $200 16
June

Stefan
    $200 11
Elvis Presley

Jason
    $200 19
wind

Vijay
    $400 7
the Abbey Theatre

Vijay
    $1,000 2
(2 of) Leonid Brezhnev, Lenny Bruce, Lester Bangs & Leonard Bernstein

Jason
    $400 27
pillbox

Vijay
    $400 17
November

Stefan
    $400 12
Stalin

Jason
    $400 20
us (humans)

Stefan
    $600 8
Easter

Vijay
    $600 3
the Father, Son & the Holy Ghost

Stefan
    $600 28
jodhpurs

Stefan
    $600 18
May

Jason
    $600 13
Rosa Parks

Stefan
    $600 21
flooding

Vijay
    $800 9
"Horseman, pass by"

Triple Stumper
    $800 4
Flintstone

Stefan
    $800 29
a vest

Stefan
    $800 24
April

Vijay
    $800 14
(Allan) Pinkerton

Vijay
    $800 22
emotions

Triple Stumper
    $1000 10
(Vijay: Who is Murdoch?)

Maud Gonne

Vijay
Triple Stumper
    $1000 5
"One Of Us"

Stefan
    $1000 30
a dirndl

Vijay
    $1000 25
October

Triple Stumper
    $1000 15
(Alex: You've been waiting to say that since your last match, I know!)

John XXIII

Stefan
    $1000 23
loss of blood

Triple Stumper

Scores at the first commercial break (after clue 15):

Jason Vijay Stefan
$1,800 $1,000 $3,800

Scores at the end of the Jeopardy! Round:

Jason Vijay Stefan
$2,400 $4,000 $6,200

Double Jeopardy! Round responses

ORES
1970s TV CASTS
TREATIES
GERMAN LITERATURE
ABBREV.
THE JUILLIARD SCHOOL
(Kelly: An institution synonymous with high standards in arts education.)
    $400 6
silver

Stefan
    $400 11
The Love Boat

Jason
    $400 1
[NOTE: The year was rendered with the letter I as the first digit instead of the numeral 1.]

the Suez Canal

Jason
    $400 21
Western

Stefan
    $400 16
Lord of the Rings

Stefan
    $400 26
Yo-Yo Ma

Stefan
    $800 7
copper

Stefan
    $800 12
The Six Million Dollar Man

Stefan
    $800 2
Teddy Roosevelt

Vijay
    $800 22
(Hermann) Hesse

Stefan
    $800 17
Antivirus

Vijay
    $800 27
the Pulitzer

Stefan
    $1200 8
iron

Stefan
    $1200 13
Vega$

Triple Stumper
    $1200 3
Neville Chamberlain

Jason
    $1200 23
Kafka

Stefan
    $1200 18
twice

Vijay
    $1200 28
Italy

Jason
    $1600 9
zinc

Jason
    $1600 14
Police Woman

Triple Stumper
    $1600 4
Louis XIV

Triple Stumper
    $1600 24
the Stasi

Jason
    $1600 19
a hectare

Stefan
    $1600 29
(Jason: Who is Paganini?)

Beethoven

Jason
Triple Stumper
    $2000 10
bauxite

Stefan
    $2000 15
(Alex: Been awhile since they've aired [*].)

Barnaby Jones

Triple Stumper
    $4,000 5
the Bosporus & the Dardanelles

Jason
    $3,000 25
(Alex: The novel was All Quiet on the Western Front and the author was [*].)

Erich Maria Remarque

Jason
    $2000 20
a solid rocket booster

Jason
    $2000 30
J.S. (Johann Sebastian) Bach

Vijay

Scores at the end of the Double Jeopardy! Round:

Jason Vijay Stefan
$10,200 $8,800 $17,000

[wagering suggestions for these scores]

Final Jeopardy! Round responses

FROM NOVEL TO FILM
(Alex: [To Vijay] Yeah, you had trouble with your pen, I see. But you wrote it down on the paper in front of you.)
...
(Stefan: The entire tournament, not one right an--right Final Jeopardy! response.)
VijayWhat is Ben-Hur?
$5,000
JasonWhat is Ben-Hur?
$8,700
StefanWhat is I got none right
$4,001
Ben-Hur

Final scores:

Jason Vijay Stefan
$18,900 $13,800 $12,999

Cumulative scores:

Jason Vijay Stefan
$18,900 $23,000 $18,799
1st runner-up: $100,000 Tournament champion: $250,000 2nd runner-up: $50,000

Game dynamics:

Coryat scores:

Jason Vijay Stefan
$10,600 $8,800 $17,000
13 R
(including 2 DDs),
2 W
(including 1 DD)
13 R,
1 W
22 R,
1 W

Combined Coryat: $36,400

[game clues] [game scores] [suggest correction]

Game tape date: 2010-03-24
The J! Archive is created by fans, for fans. Scraping, republication, monetization, and malicious use prohibited; this site may use cookies and collect identifying information. See terms. The Jeopardy! game show and all elements thereof, including but not limited to copyright and trademark thereto, are the property of Jeopardy Productions, Inc. and are protected under law. This website is not affiliated with, sponsored by, or operated by Jeopardy Productions, Inc. Join the discussion at JBoard.tv.